[Event "La Roda op 50th"]
[Site "La Roda"]
[Date "2024.03.28"]
[Round "2"]
[White "Louis, Corentin"]
[Black "Xu, Xiangyu"]
[Result "0-1"]
[WhiteElo "2091"]
[BlackElo "2623"]
[PlyCount "92"]
[EventDate "2024.03.27"]
[EventType "swiss"]
[EventRounds "9"]
[EventCountry "ESP"]
[SourceTitle "CB14_2024"]
[SourceDate "2024.04.01"]
[SourceVersion "1"]
[SourceVersionDate "2024.04.01"]
[SourceQuality "1"]

1. f4 d5 2. Nf3 g6 3. g3 Bg7 4. Bg2 Nf6 5. 0-0 0-0 6. d3 Re8 7. c3 Nbd7 8. Ne5 c6 9. Nxd7 Bxd7 10. e4 Qb6+ 11. Kh1 dxe4 12. dxe4 Rad8 13. Nd2 Qa6 14. Qc2 Be6 15. Re1 Ng4 16. Bf1 Qb6 17. Nc4 Qf2 18. Qxf2 Nxf2+ 19. Kg1 Nd3 20. Bxd3 Rxd3 21. Na5 Rd7 22. Be3 c5 23. Red1 Red8 24. Rxd7 Rxd7 25. Kf2 b6 26. Nc6 f6 27. b4 Rc7 28. Nd8 Bc8 29. bxc5 bxc5 30. Rb1 Bf8 31. e5 fxe5 32. fxe5 Bg7 33. e6 Ba6 34. Rb8 Bxc3 35. Nb7+ Kg7 36. Nxc5 Bc8 37. Rb3 Be5 38. h4 Kf6 39. Bg5+ Kf5 40. Nd3 Bd4+ 41. Be3 Rc2+ 42. Kf3 Bxe3 43. Rb5+ Kxe6 44. Kxe3 Rxa2 45. h5 Ra3 46. Kd4 Rxd3+ 0-1

[Event "Cattolica op 7th"]
[Site "Cattolica"]
[Date "2020.09.02"]
[Round "3"]
[White "Papadiamandis, Elliot"]
[Black "Louis, Corentin"]
[Result "1/2-1/2"]
[WhiteElo "2269"]
[BlackElo "2053"]
[PlyCount "39"]
[EventDate "2020.08.31"]
[EventType "swiss"]
[EventRounds "9"]
[EventCountry "ITA"]
[SourceTitle "EXT 2021"]
[Source "ChessBase"]
[SourceDate "2020.10.23"]
[SourceVersion "1"]
[SourceVersionDate "2020.10.23"]
[SourceQuality "1"]

1. e4 e6 2. d4 d5 3. Nd2 Nc6 4. Ngf3 Nf6 5. e5 Nd7 6. Be2 f6 7. exf6 Qxf6 8. Nf1 Bd6 9. Ne3 0-0 10. 0-0 Nb6 11. c4 Nxc4 12. Nxc4 dxc4 13. Bxc4 Kh8 14. Bg5 Qg6 15. Bh4 e5 16. dxe5 Nxe5 17. Nxe5 Bxe5 18. Bg3 Bxg3 19. hxg3 Be6 20. Rc1 1/2-1/2

[Event "Castelnaudary A"]
[Site "Castelnaudary"]
[Date "2016.03.19"]
[Round "2"]
[White "Louis, Corentin"]
[Black "Grimault, Nathan"]
[Result "1/2-1/2"]
[WhiteElo "2142"]
[BlackElo "2012"]
[PlyCount "94"]
[EventDate "2016.03.19"]
[EventType "tourn"]
[EventRounds "5"]
[EventCountry "FRA"]
[SourceTitle "EXT 2024"]
[Source "ChessBase"]
[SourceDate "2023.10.10"]
[SourceVersion "1"]
[SourceVersionDate "2023.10.10"]
[SourceQuality "1"]

1. e4 g6 2. d4 Bg7 3. Nc3 d6 4. f4 Nf6 5. Nf3 Na6 6. Be2 c5 7. d5 0-0 8. 0-0 Rb8 9. a4 Nb4 10. Bc4 a6 11. Qe2 Qa5 12. Ra3 Qc7 13. a5 b5 14. axb6 Qxb6 15. Na4 Qc7 16. c3 Bd7 17. cxb4 cxb4 18. Ra1 Rbc8 19. Bd3 Bb5 20. Be3 Nxe4 21. Nd4 Bxd3 22. Qxd3 Nc5 23. Nxc5 dxc5 24. Nc6 Bxb2 25. Rxa6 Ra8 26. Bxc5 Bf6 27. Bxb4 Qb7 28. Rfa1 Bxa1 29. Nxe7+ Kg7 30. Bc3+ Bxc3 31. Qxc3+ f6 32. Rc6 Qa7+ 33. Kf1 Qa1+ 34. Qxa1 Rxa1+ 35. Ke2 Ra7 36. d6 Kf7 37. Nc8 Ra2+ 38. Ke3 Ke6 39. Rc7 Rxc8 40. Rxc8 Kxd6 41. Kf3 Ke6 42. Rc7 h5 43. Rc6+ Kf5 44. Rc5+ Ke6 45. f5+ gxf5 46. Rc4 Kf7 47. Kg3 Kg6 1/2-1/2

[Event "Castelnaudary A"]
[Site "Castelnaudary"]
[Date "2016.03.19"]
[Round "1"]
[White "Louis, Corentin"]
[Black "Le Montagner, Yoann"]
[Result "1/2-1/2"]
[WhiteElo "2142"]
[BlackElo "2067"]
[PlyCount "114"]
[EventDate "2016.03.19"]
[EventType "tourn"]
[EventRounds "5"]
[EventCountry "FRA"]
[SourceTitle "EXT 2024"]
[Source "ChessBase"]
[SourceDate "2023.10.10"]
[SourceVersion "1"]
[SourceVersionDate "2023.10.10"]
[SourceQuality "1"]

1. e4 c5 2. Nf3 d6 3. Nc3 Nf6 4. d4 cxd4 5. Nxd4 g6 6. Bg5 Bg7 7. Bb5+ Bd7 8. Qe2 0-0 9. 0-0-0 a6 10. Bxd7 Nbxd7 11. f4 Rc8 12. Rd3 Qb6 13. e5 dxe5 14. fxe5 Qc5 15. Bxf6 exf6 16. Nb3 Qe7 17. exf6 Qxe2 18. Nxe2 Nxf6 19. Nc3 Bh6+ 20. Kb1 Rfe8 21. a4 Ne4 22. Nxe4 Rxe4 23. Rd7 Rec4 24. c3 R8c7 25. Rhd1 Kg7 26. R1d5 Bf4 27. h3 Kf6 28. Kc2 Rxd7 29. Rxd7 b5 30. Ra7 Rc6 31. Nd4 Rb6 32. axb5 axb5 33. b4 Be5 34. Kd3 h5 35. Ra5 Bxd4 36. cxd4 Ke6 37. Ra8 f5 38. Rg8 Kf7 39. Rc8 Ke6 40. Rc5 Kf6 41. d5 Ke5 42. Rc6 Rxc6 43. dxc6 Kd6 44. Kd4 Kxc6 45. Ke5 h4 46. Ke6 f4 47. Ke5 g5 48. Kf5 Kd5 49. Kxg5 Kc4 50. Kxh4 Kxb4 51. Kg4 Kc4 52. h4 b4 53. h5 b3 54. h6 b2 55. h7 b1Q 56. h8Q Qg6+ 57. Kxf4 Qxg2 1/2-1/2

[Event "Barcelona Sants op 17th"]
[Site "Barcelona"]
[Date "2015.08.30"]
[Round "10"]
[White "Louis, Corentin"]
[Black "Forgues, Fabien"]
[Result "1/2-1/2"]
[WhiteElo "2039"]
[BlackElo "2187"]
[PlyCount "72"]
[EventDate "2015.08.21"]
[EventType "swiss"]
[EventRounds "10"]
[EventCountry "ESP"]
[SourceTitle "EXT 2016"]
[Source "ChessBase"]
[SourceDate "2015.10.08"]
[SourceVersion "1"]
[SourceVersionDate "2015.10.08"]
[SourceQuality "1"]

1. e4 e5 2. Nf3 Nc6 3. d4 exd4 4. Nxd4 Nf6 5. Nc3 Bb4 6. Nxc6 bxc6 7. Bd3 d5 8. exd5 cxd5 9. 0-0 0-0 10. h3 c6 11. Qf3 Bd6 12. Bf4 Rb8 13. b3 Rb7 14. Ne2 Re7 15. Rad1 Bxf4 16. Qxf4 c5 17. c4 d4 18. b4 cxb4 19. Nxd4 Qc7 20. Qh4 h6 21. Nf5 Bxf5 22. Bxf5 Qe5 23. Bb1 a5 24. Qd4 Qxd4 25. Rxd4 Rc7 26. Rfd1 Re8 27. Bc2 g6 28. Kf1 Kg7 29. Ba4 Re4 30. Bb5 Ree7 31. f3 Rc5 32. Re1 Rce5 33. Rdd1 Kf8 34. Rd8+ Kg7 35. Rxe5 Rxe5 36. Ra8 Nh5 1/2-1/2

[Event "Cappelle op 30th"]
[Site "Cappelle la Grande"]
[Date "2014.03.03"]
[Round "4"]
[White "Louis, Corentin"]
[Black "Pogorelov, Ruslan"]
[Result "0-1"]
[WhiteElo "2030"]
[BlackElo "2364"]
[PlyCount "100"]
[EventDate "2014.03.01"]
[EventType "swiss"]
[EventRounds "9"]
[EventCountry "FRA"]
[SourceTitle "CBM 159 Extra"]
[Source "ChessBase"]
[SourceDate "2014.04.24"]
[SourceVersion "1"]
[SourceVersionDate "2014.04.24"]
[SourceQuality "1"]

1. e4 c5 2. b3 b6 3. Bb2 Bb7 4. Nc3 Nc6 5. f4 d6 6. Nf3 e6 7. d4 cxd4 8. Nxd4 a6 9. Nxc6 Bxc6 10. Qd3 Nf6 11. 0-0-0 Qc7 12. Be2 Be7 13. Bf3 b5 14. e5 dxe5 15. fxe5 Nd7 16. Ne4 Bxe4 17. Qxe4 Rc8 18. Kb1 0-0 19. Qb7 Nc5 20. Qxc7 Rxc7 21. Rd4 Rd8 22. c3 f5 23. Rhd1 Rdc8 24. Be2 Kf7 25. Kc2 Ne4 26. c4 b4 27. Bf3 Nc5 28. a3 bxa3 29. Bxa3 a5 30. Bh5+ g6 31. Bf3 a4 32. b4 Nb3 33. c5 Nxd4+ 34. Rxd4 Bf8 35. Rc4 Rb8 36. Rh4 h5 37. Be2 Bg7 38. b5 Bxe5 39. Rxa4 Bxh2 40. Bc4 Bg1 41. Ra6 Bxc5 42. Rxe6 Bd6 43. Rxd6+ Rxc4+ 44. Kb3 Rg4 45. b6 Rxg2 46. Kc4 h4 47. Rd7+ Ke6 48. Re7+ Kf6 49. b7 h3 50. Rh7 h2 0-1

[Event "Plancoet op-A 10th"]
[Site "Plancoet"]
[Date "2013.07.30"]
[Round "3"]
[White "Mladenov, Plamen"]
[Black "Louis, Corentin"]
[Result "1-0"]
[WhiteElo "2405"]
[BlackElo "2008"]
[PlyCount "51"]
[EventDate "2013.07.28"]
[EventType "swiss"]
[EventRounds "9"]
[EventCountry "FRA"]
[SourceTitle "EXT 2017"]
[Source "ChessBase"]
[SourceDate "2016.10.25"]
[SourceVersion "1"]
[SourceVersionDate "2016.10.25"]
[SourceQuality "1"]

1. d4 Nf6 2. c4 g6 3. Nc3 Bg7 4. Nf3 0-0 5. g3 d6 6. Bg2 Nbd7 7. 0-0 c5 8. d5 Rb8 9. e4 a6 10. a4 b6 11. Re1 Ne8 12. Bf4 h6 13. Qe2 g5 14. Bc1 Nc7 15. Nd1 e6 16. Ne3 Ne5 17. Nxe5 Bxe5 18. Qh5 Bg7 19. Ng4 Kh7 20. h4 f6 21. e5 exd5 22. Nxf6+ Bxf6 23. exf6 Qxf6 24. Bxg5 Bg4 25. Re7+ Kg8 26. Qxg4 1-0

[Event "Rennes op 6th"]
[Site "Rennes"]
[Date "2013.07.11"]
[Round "8"]
[White "Louis, Corentin"]
[Black "Adrian, Claude"]
[Result "0-1"]
[WhiteElo "2008"]
[BlackElo "2221"]
[PlyCount "50"]
[EventDate "2013.07.06"]
[EventType "swiss"]
[EventRounds "9"]
[EventCountry "FRA"]
[SourceTitle "CBM 155 Extra"]
[Source "ChessBase"]
[SourceDate "2013.08.26"]
[SourceVersion "1"]
[SourceVersionDate "2013.08.26"]
[SourceQuality "1"]

1. e4 e6 2. d4 d5 3. Nc3 Bb4 4. exd5 exd5 5. Qf3 Qe7+ 6. Nge2 Nf6 7. Bg5 Be6 8. a3 Ba5 9. Qd3 Nbd7 10. 0-0-0 0-0-0 11. f3 Nb6 12. Qb5 Nc4 13. Nf4 Bxc3 14. Bxc4 dxc4 15. bxc3 Qxa3+ 16. Kd2 Nd5 17. Ne2 Nxc3 18. Qe5 Nxd1 19. Bxd8 c3+ 20. Kxd1 Rxd8 21. Qxg7 c5 22. Qxh7 Qa1+ 23. Nc1 Rxd4+ 24. Ke2 Qa4 25. Rd1 Bc4+ 0-1

[Event "Rennes op 6th"]
[Site "Rennes"]
[Date "2013.07.06"]
[Round "1"]
[White "Louis, Corentin"]
[Black "Jianu, Vlad Cristian"]
[Result "0-1"]
[WhiteElo "2008"]
[BlackElo "2560"]
[PlyCount "70"]
[EventDate "2013.07.06"]
[EventType "swiss"]
[EventRounds "9"]
[EventCountry "FRA"]
[SourceTitle "CBM 155 Extra"]
[Source "ChessBase"]
[SourceDate "2013.08.26"]
[SourceVersion "1"]
[SourceVersionDate "2013.08.26"]
[SourceQuality "1"]

1. d4 Nf6 2. c4 c5 3. d5 b5 4. Bg5 Ne4 5. Bf4 d6 6. f3 Qa5+ 7. Nd2 Nf6 8. e4 g6 9. cxb5 Bg7 10. Bc4 a6 11. a4 0-0 12. Ne2 Nh5 13. Be3 axb5 14. Bxb5 Bxb2 15. Rb1 Bg7 16. 0-0 Nd7 17. Nc4 Qc7 18. Qc2 Nhf6 19. Bd2 Ba6 20. Nc3 Rfc8 21. Rfe1 Qd8 22. a5 Bxb5 23. Nxb5 Ne8 24. Bc3 Bxc3 25. Qxc3 Nc7 26. Re2 Rcb8 27. Reb2 Na6 28. e5 Nb4 29. e6 Rxb5 30. exd7 Ra7 31. Nb6 Rbxa5 32. Rxb4 cxb4 33. Qxb4 Ra1 34. Rxa1 Rxa1+ 35. Kf2 Ra6 0-1

[Event "Rennes op 5th"]
[Site "Rennes"]
[Date "2012.07.10"]
[Round "7"]
[White "Otmani, Kamel"]
[Black "Louis, Corentin"]
[Result "1/2-1/2"]
[WhiteElo "2090"]
[BlackElo "1994"]
[PlyCount "71"]
[EventDate "2012.07.07"]
[EventType "swiss"]
[EventRounds "9"]
[EventCountry "FRA"]
[SourceTitle "CBM 149 Extra"]
[Source "ChessBase"]
[SourceDate "2012.08.24"]
[SourceVersion "1"]
[SourceVersionDate "2012.08.24"]
[SourceQuality "1"]

1. Nf3 f5 2. c4 Nf6 3. Nc3 g6 4. g3 Bg7 5. Bg2 0-0 6. 0-0 d6 7. d3 e5 8. Rb1 a5 9. a3 Nc6 10. b4 axb4 11. axb4 h6 12. b5 Ne7 13. Qb3 Be6 14. Nd2 c6 15. Ba3 Re8 16. Ra1 Qd7 17. Rfb1 d5 18. Bxe7 Rxa1 19. Rxa1 Rxe7 20. Ra7 e4 21. bxc6 Qxc6 22. Qb4 Kf7 23. Nb3 dxc4 24. Nd4 Qd7 25. Nxe6 Qxe6 26. dxe4 fxe4 27. Rxb7 Bf8 28. Rb6 Nd5 29. Rxe6 Nxb4 30. Rxe7+ Bxe7 31. Bxe4 Ke6 32. Bxg6 Bf6 33. Ne4 Bb2 34. Nc5+ Kd5 35. Na4 Bg7 36. Kg2 1/2-1/2